| 000 | 00871cam a2200193 4500 | ||
|---|---|---|---|
| 008 | 031117n2003 000 0 eng u | ||
| 035 | _a(Sirsi) u124356 | ||
| 100 | _aHastings, E. | ||
| 245 | 4 | _aThe PII market and how it affects you | |
| 260 | _c2003 | ||
| 490 |
_aRICS Building Surveying Faculty: The Journal _v(8) October/November 2003, 9(1) |
||
| 520 | _aAnswers some of the most frequently asked questions about professional indemnity insurance. Warns of increasing insurance premiums. Suggests surveyors financially prepare themselves for increasing prices and gives some solutions for surveyors who cannot get cover such as the RICS Assigned Risks Pool. View at www.rics.org/bs. | ||
| 590 | _aABS | ||
| 650 | _aASSIGNED RISKS POOL | ||
| 650 | _aPROFESSIONAL INDEMNITY INSURANCE | ||
| 650 | _aINSURANCE PREMIUMS | ||
| 690 |
_aInsurance _96249 |
||
| 942 | _n0 | ||
| 999 |
_c73798 _d73798 |
||